| 000 | 01756nam a22002057a 4500 | ||
|---|---|---|---|
| 005 | 20240716151811.0 | ||
| 008 | 240716b ||||| |||| 00| 0 eng d | ||
| 020 | _a9780486678399 | ||
| 040 | _cAL | ||
| 041 | _aeng | ||
| 082 |
_223 _a548 _bSANI |
||
| 100 |
_aDonald E Sands _9173607 |
||
| 245 | _aIntroduction to crystallography | ||
| 260 |
_aNew York _bDover Publications _c1993 |
||
| 300 |
_axii,165p _bPB _c21x14cm. |
||
| 365 |
_2General _a709 _b₹1736.00 _c₹ _d₹2170.00 _e20% _f9-05-2024 |
||
| 520 | _aDesigned as a useful, accessible introduction to the logical development of basic crystallographic concepts, this book presents important principles in a clear, concise manner that will enable the nonspecialist to read and comprehend crystallographic literature. Explanations are concise and mathematical prerequisites have been kept to a minimum. In the first four chapters, the author presents the vocabulary of crystallography, with discussions of lattice points, unit cells, symmetry, point groups, crystal systems, space groups, and equivalent positions. The principles of x-ray diffraction and methods of determining crystal structures are summarized in the next two chapters. The final chapter describes various simple structures. Appendixes list the 230 space groups, introduce the reciprocal lattice, and describe the powder method. A well-chosen selection of problems (with solutions) encourages self-study.Ideal as the basis for a course in crystallography and highly useful as an adjunct to physical chemistry courses, this book will also serve as an excellent reference for practicing chemists, mineralogists, metallurgists, and other workers in the field. | ||
| 650 |
_2Crystallography _aCrystallography _9173608 |
||
| 942 |
_2ddc _cBK |
||
| 999 |
_c231454 _d231454 |
||